000
00271nam a2200121Ia 4500
008
190216s9999||||xx |||||||||||||| ||und||
100
_a
Pottakadu S K
245
0
_a
Bali Dweep
260
_b
Amina Book Stall
_c
1989
300
_a
241 pages
650
_a
Novel
942
_c
BK
999
_c
25259
_d
25259